Anagrammes Champions du Monde 1998 - Statistiques

Statistiques générales
  • Ce quiz a été pris 168 fois
  • Le résultat moyen est 17 sur 22
Statistiques - réponses
Réponse % Correct
Deschamps
98%
Henry
98%
Zidane
98%
Petit
97%
Desailly
94%
Lama
91%
Pirès
91%
Vieira
91%
Blanc
87%
Djorkaeff
87%
Karembeu
85%
Barthez
83%
Dugarry
83%
Lizarazu
83%
Thuram
83%
Guivarc'h
76%
Trezeguet
57%
Leboeuf
56%
Boghossian
50%
Candela
46%
Diomède
38%
Charbonnier
30%
Aucun quiz correspondant
Distribution des résultats
% des personnes avec chaque résultat
Percentile par nombre de réponses
Votre historique - résultats
Vous n’avez pas pris ce quiz